000 00729nam a22002537a 4500
001 BR2024004446
003 BR-BrBNA
005 20250224141340.0
008 250107b bl.||||| |||| 00| 0 por d
040 _aBR-BrBNA
_bpor
041 _apor
072 _aC30
090 _aC30
_bBR2024004446
100 0 _4aut.
_aBezerra Antonio
_qAntonio Bezerra
245 _aNotas de viagem ao norte do Ceará /
250 _a2.ed.
260 _bTypographia Econômica,
_c1915.
300 _a414 p.
520 _aDifusão de informações sobre a geografia, cultura e sociedade cearenses no início do século XX.
650 _aCADASTRO TERRITORIAL
650 _aCADASTRO URBANO
909 _a012025
_bMartins
942 _cBK
999 _c329519
_d329519